000 00934nam a2200301 a 4500
001 25088
003 CO-ViMGA
008 141112s2004 ck r 000 u spa d
015 _aSNN
020 _a9789587583397
040 _aCO-ViMGA
_bspa
_cCO-ViMGA
041 _aspa
043 _an - us - - -
090 _aJOHh
100 1 _aJohnson, Crockett 1906 - 1975
_938213
245 1 0 _aHarold y la crayola morada /
_cCrockett Johnson ; traducción María Candelaria Posada
250 _a1a ed.
260 _aBogotá Alfaguara 2012.
300 _a64 p. ilustraciones 19 cm.
490 _aNidos para la lectura
541 _18.000; 1 c.
596 _a2
650 1 4 _aCuentos infantiles estadounidenses
_9823
700 1 _aPosada, María Candelaria Tr.
_938214
926 _aB - GENERAL LIT - INFANT I813 J64C LIBRO 1
942 _2ddc
_cBK
999 _c32720
_d32720